Systems analysis and design and the transition to objects / (Record no. 174755)
[ view plain ]
| 000 -LEADER | |
|---|---|
| fixed length control field | 01113 a2200253 4500 |
| 003 - CONTROL NUMBER IDENTIFIER | |
| control field | Nust |
| 005 - DATE AND TIME OF LATEST TRANSACTION | |
| control field | 20230908120929.0 |
| 010 ## - LIBRARY OF CONGRESS CONTROL NUMBER | |
| LC control number | 95081167 |
| 020 ## - INTERNATIONAL STANDARD BOOK NUMBER | |
| Terms of availability | 0071141413 |
| 035 ## - SYSTEM CONTROL NUMBER | |
| System control number | (OCoLC)34275671 |
| 040 ## - CATALOGING SOURCE | |
| Transcribing agency | Nust |
| 082 00 - DEWEY DECIMAL CLASSIFICATION NUMBER | |
| Classification number | 658.4038011,DEW |
| 100 1# - MAIN ENTRY--PERSONAL NAME | |
| Personal name | Dewitz, Sandra. |
| 9 (RLIN) | 99660 |
| 245 10 - TITLE STATEMENT | |
| Title | Systems analysis and design and the transition to objects / |
| Statement of responsibility, etc. | Sandra Donaldson Dewitz. |
| 260 ## - PUBLICATION, DISTRIBUTION, ETC. | |
| Place of publication, distribution, etc. | New York : |
| Name of publisher, distributor, etc. | McGraw-Hill ; |
| Date of publication, distribution, etc. | 1996. |
| 300 ## - PHYSICAL DESCRIPTION | |
| Extent | xvii, 557 p. : |
| Other physical details | ill. ; |
| Dimensions | 24 cm. |
| 505 ## - FORMATTED CONTENTS NOTE | |
| Formatted contents note | PART-1: An Overview of Systems Development )Page-1), PART-2: Preliminary Investigation and Analysis (Page-125), PART-3: Interactive Analysis, Design, Primary Construction and Review (Page-273), PART-4: Final Construction, Testing, Installation, and Review (Page-477). |
| 650 #0 - SUBJECT ADDED ENTRY--TOPICAL TERM | |
| Topical term or geographic name entry element | Object-oriented methods (Computer science) |
| 9 (RLIN) | 25876 |
| 650 #0 - SUBJECT ADDED ENTRY--TOPICAL TERM | |
| Topical term or geographic name entry element | System analysis. |
| 9 (RLIN) | 2233 |
| 650 #0 - SUBJECT ADDED ENTRY--TOPICAL TERM | |
| Topical term or geographic name entry element | System design. |
| 9 (RLIN) | 2255 |
| 856 42 - ELECTRONIC LOCATION AND ACCESS | |
| Materials specified | Publisher description |
| Uniform Resource Identifier | <a href="http://www.loc.gov/catdir/description/mh022/95081167.html">http://www.loc.gov/catdir/description/mh022/95081167.html</a> |
| 856 42 - ELECTRONIC LOCATION AND ACCESS | |
| Materials specified | Table of contents |
| Uniform Resource Identifier | <a href="http://www.loc.gov/catdir/toc/mh022/95081167.html">http://www.loc.gov/catdir/toc/mh022/95081167.html</a> |
| 942 ## - ADDED ENTRY ELEMENTS (KOHA) | |
| Koha item type | Reference |
| Source of classification or shelving scheme | |
| Withdrawn status | Lost status | Source of classification or shelving scheme | Damaged status | Not for loan | Permanent Location | Current Location | Shelving location | Date acquired | Full call number | Barcode | Date last seen | Price effective from | Koha item type | Public note |
|---|---|---|---|---|---|---|---|---|---|---|---|---|---|---|
| Military College of Signals (MCS) | Military College of Signals (MCS) | Reference | 12/12/2016 | 658.4038011,DEW | MCS28260 | 12/08/2016 | 12/12/2016 | Reference | Almirah No.24, Shelf No.5 |
